Quick Pick: State Nickname Words Quiz Stats

 Plays Quiz Updated Jul 27, 2017

Challenge
Share
Tweet
Embed
Score 0/18 Timer 01:30
8 Plays Today
% Correct
Star
89.7%
Frontier
87.1%
Rushmore
86.9%
Canyon
86.2%
Lakes
84.4%
Pine
83.7%
Show
83.1%
Heel
79.7%
Dairyland
79.2%
% Correct
Dixie
78.9%
South
78.9%
America
78.9%
Old
78.1%
Green
76.4%
North
74.2%
Enchantment
72.8%
Line
55.6%
Peace
48.7%

Today's Daily Dose

You're not logged in!

Compare scores with friends on all Sporcle quizzes.
Join for Free
OR
Log In

You Might Also Like...

Show Comments

Extras

Top Quizzes Today


Score Distribution

Your Account Isn't Verified!

In order to create a playlist on Sporcle, you need to verify the email address you used during registration. Go to your Sporcle Settings to finish the process.

Report this User

Report this user for behavior that violates our Community Guidelines.

Details: